Statistics for Poet by First Line

Click here to take the quiz!

General Stats

  • This quiz has been taken 11 times
  • The average score is 7 of 15

Answer Stats

HintAnswer% Correct
Shall I compare thee to a summer’s day?William Shakespeare
100%
O Captain! my Captain! our fearful trip is doneWalt Whitman
75%
How do I love thee? Let me count the waysElizabeth Barrett Browning
63%
Once upon a midnight drearyEdgar Allen Poe
50%
Whan that Aprille with his shoures sote (When April with its sweet-smelling showers)Geoffrey Chaucer
50%
Of Mans First Disobedience, and the FruitJohn Milton
50%
I saw the best minds of my generation destroyed by madness, starving hysterical nakedAllen Ginsberg
38%
plato tolde. e. cummings
38%
I'm Nobody! Who are you?Emily Dickinson
38%
Mark but this flea, and mark in thisJohn Donne
38%
Whose woods these are I think I knowRobert Frost
38%
Happy the man, whose wish and careAlexander Pope
25%
A Rock, A River, A TreeMaya Angelou
25%
When day comes, we ask ourselves, where can we find light in this never-ending shade?Amanda Gorman
13%
Out of the night that covers meWilliam Ernest Henley
13%

Score Distribution

Percentile by Number Answered

Percent of People with Each Score

Your Score History

You have not taken this quiz